书目信息 |
| 题名: |
操作系统要点与解题
|
|
| 作者: | 陆丽娜 , 柯丽芳 , 田玉敏 著 | |
| 分册: | ||
| 出版信息: | 西安 西安交通大学出版社 2006.07 |
|
| 页数: | 264页 | |
| 开本: | 21cm | |
| 丛书名: | 西安交大教学资源文库 | |
| 单 册: | ||
| 中图分类: | TP316 | |
| 科图分类: | ||
| 主题词: | 操作系统--cao zuo xi tong--高等学校--教学参考资料 | |
| 电子资源: | ||
| ISBN: | 7-5605-2252-1 | |
| 000 | 01094nam 2200289 450 | |
| 001 | 012006545937 | |
| 005 | 20061220152311.06 | |
| 010 | @a7-5605-2252-1@dCNY15.00 | |
| 100 | @a20061123d2006 km y0chiy0120 ea | |
| 101 | 0 | @achi |
| 102 | @aCN@b610000 | |
| 105 | @aa a 000yy | |
| 200 | 1 | @a操作系统要点与解题@Acao zuo xi tong yao dian yu jie ti@f陆丽娜, 柯丽芳, 田玉敏@Flu li na,ke li fang,tian yu min |
| 210 | @a西安@c西安交通大学出版社@d2006.07 | |
| 215 | @a264页@c图@d21cm | |
| 225 | 2 | @a西安交大教学资源文库@Axi an jiao da jiao xue zi yuan wen ku@i三一丛书 |
| 320 | @a有书目 (第264页)。 | |
| 330 | @a本书共分为七章。每章由基本知识点,要点与难点,典型题精解以及自测题组成。本书习题覆盖面广,既收集了较容易的题目,也收集了难度适中和有一定难度的题目。 | |
| 410 | 0 | @12001 @a西安交大教学资源文库 |
| 410 | 0 | @12001 @a三一丛书 |
| 606 | 0 | @a操作系统@Acao zuo xi tong@x高等学校@j教学参考资料 |
| 690 | @aTP316@v4 | |
| 701 | 0 | @a陆丽娜@Alu li na@4著 |
| 701 | 0 | @a柯丽芳@Ake li fang@4著 |
| 701 | 0 | @a田玉敏@Atian yu min@4著 |
| 801 | 0 | @aCN@c20061220 |
| 905 | @a10447@dTP316@eL844 | |
| 操作系统要点与解题/陆丽娜, 柯丽芳, 田玉敏.-西安:西安交通大学出版社,2006.07 |
| 264页:图;21cm.-(西安交大教学资源文库.三一丛书) |
| ISBN 7-5605-2252-1:CNY15.00 |
| 本书共分为七章。每章由基本知识点,要点与难点,典型题精解以及自测题组成。本书习题覆盖面广,既收集了较容易的题目,也收集了难度适中和有一定难度的题目。 |
| ● |
| 相关链接 |
|
|
|
正题名:操作系统要点与解题
索取号:TP316/L844
 
预约/预借
| 序号 | 登录号 | 条形码 | 馆藏地/架位号 | 状态 | 备注 |
| 1 | 228333 | 202283331 | 自科二线504/504自科库 3排4列2层/ [索取号:TP316/L844] | 在馆 | |
| 2 | 228334 | 202283340 | 自科二线504/504自科库 3排4列2层/ [索取号:TP316/L844] | 在馆 |